000 00595nam a2200241Ia 4500
003 OSt
005 20220928131849.0
006 a|||||r|||| 00| 0
007 ta
008 220927b |||||||| |||| 00| 0 eng d
024 _a61206
037 _cTextual
040 _aSDCL
_cSDCL
_beng
041 _2eng
_aeng
082 _aX5:(z), N4
100 _aKuchhal M C
245 0 _aMercantile Law
250 _a4
260 _aNew Delhi
_bVikas publishing house
_c1978
300 _axxviii,596p.
_ccm.
942 _hX5:(z), N4
_cTEXL
_2CC
999 _c793006
_d793006